000 01361nam a22003977a 4500
001 000104356
003 CHAP
005 20220817044431.0
008 110401s2010 mx a r 00010 spa d
010 _a100818
011 _a101790
020 _a9786071201706
035 _a112478
040 _cCHAP
082 0 4 _a338.372097
_bR29
245 0 0 _aReporte de unidades representativas de producción acuícola y pesquera :
_bpanorama económico 2008-2018 (resumenes jecutivos RE2010-03) /
_c/editado por Gloria Villa Hernández.
260 _aChapingo, Méx. :
_bUACH :
_bSAGARPA,
_c2010.
300 _a77 p. :
_bgráfs., mapas.
590 _aBATCH-UPD
_b10
_c20130110
_lUCH01
_h1056
590 _aBATCH-UPD
_b10
_c20130410
_lUCH01
_h0651
590 _aBATCH-UPD
_b10
_c20130914
_lUCH01
_h0815
590 _aCONVERSION
_b10
_c20130109
_lUCH01
_h1356
590 _aE5995AHE
_b05
_c20150219
_lUCH01
_h1157
650 1 4 _aAcuicultura
_xProduccion.
_9777
650 1 4 _aCalamar.
_917315
650 1 4 _aCamarón.
_917762
650 1 4 _aLangosta (Crustáceos)
_964768
650 1 4 _aPesca.
650 1 4 _aPesca
_xAspectos económicos.
_987361
650 1 4 _aTrucha.
_9115343
700 1 _aVilla Hernández, Gloria
_e, ed.
_9119355
901 _aBK
942 _cLIBRO
942 _n0
949 _a338.372097 R29
_bBC
_cUACH
_d33724002235967
_eUACH
_gDonaciØn
_h114505
_i112478
_sb
999 _c100818
_d100818